[Event "DVM U10 2023"]
[Site "Magdeburg GER"]
[Date "2023.12.28"]
[Round "5"]
[White "Tischlinger, Lara"]
[Black "Fadeev, Justin Michael"]
[Result "0-1"]
[Termination "normal"]
[Board "5.1"]
[WhiteElo "1312"]
[BlackElo "1484"]
[WhiteClock "00:00:16"]
[BlackClock "00:08:21"]
[WhiteTeam "SK Weisse Dame Hamburg"]
[BlackTeam "Barnimer SF im SV Stahl Finow"]
[PlyCount "140"]
[WhiteFideId "34663401"]
[BlackFideId "34602968"]
[EventCountry "GER"]
[EventRounds "7"]
[EventType "team-swiss"]
[EventDate "2023.12.27"]

1. e4 {[%clk 00:55:07]} {[%emt 00:00:02]} e6 {[%clk 00:55:02]} {[%emt
00:00:09]} 2. d4 {[%clk 00:55:08]} {[%emt 00:00:04]} d5 {[%clk 00:55:04]}
{[%emt 00:00:04]} 3. exd5 {[%clk 00:55:05]} {[%emt 00:00:06]} exd5 {[%clk
00:55:07]} {[%emt 00:00:03]} 4. Bd3 {[%clk 00:54:56]} {[%emt 00:00:14]} Bd6
{[%clk 00:55:07]} {[%emt 00:00:06]} 5. Ne2 {[%clk 00:54:51]} {[%emt 00:00:09]}
Ne7 {[%clk 00:55:01]} {[%emt 00:00:11]} 6. O-O {[%clk 00:54:38]} {[%emt
00:00:17]} O-O {[%clk 00:54:48]} {[%emt 00:00:19]} 7. Bf4 {[%clk 00:54:33]}
{[%emt 00:00:09]} c6 {[%clk 00:54:23]} {[%emt 00:00:32]} 8. Nd2 {[%clk
00:54:14]} {[%emt 00:00:23]} Bf5 {[%clk 00:54:01]} {[%emt 00:00:27]} 9. Nf3
{[%clk 00:53:37]} {[%emt 00:00:41]} Bg4 {[%clk 00:51:23]} {[%emt 00:02:45]} 10.
Bxd6 {[%clk 00:52:41]} {[%emt 00:01:00]} Qxd6 {[%clk 00:51:24]} {[%emt
00:00:05]} 11. Ng3 {[%clk 00:52:32]} {[%emt 00:00:13]} Qf6 {[%clk 00:49:07]}
{[%emt 00:02:23]} 12. Re1 {[%clk 00:50:49]} {[%emt 00:01:47]} Ng6 {[%clk
00:47:57]} {[%emt 00:01:16]} 13. Be2 {[%clk 00:46:54]} {[%emt 00:04:00]} Nd7
{[%clk 00:44:16]} {[%emt 00:03:45]} 14. h3 {[%clk 00:45:08]} {[%emt 00:01:51]}
Bxf3 {[%clk 00:43:38]} {[%emt 00:00:44]} 15. Bxf3 {[%clk 00:44:52]} {[%emt
00:00:19]} Rfe8 {[%clk 00:43:08]} {[%emt 00:00:36]} 16. Qd2 {[%clk 00:43:49]}
{[%emt 00:01:08]} Nf4 {[%clk 00:41:40]} {[%emt 00:01:33]} 17. Bg4 {[%clk
00:41:37]} {[%emt 00:02:17]} Nb6 {[%clk 00:41:24]} {[%emt 00:00:22]} 18. c3
{[%clk 00:40:03]} {[%emt 00:01:39]} Nc4 {[%clk 00:39:37]} {[%emt 00:01:52]} 19.
Qc2 {[%clk 00:38:35]} {[%emt 00:01:32]} g6 {[%clk 00:38:31]} {[%emt 00:01:12]}
20. Nf1 {[%clk 00:32:44]} {[%emt 00:05:56]} h5 {[%clk 00:37:44]} {[%emt
00:00:52]} 21. Be2 {[%clk 00:31:39]} {[%emt 00:01:08]} Qg5 {[%clk 00:37:12]}
{[%emt 00:00:38]} 22. Bf3 {[%clk 00:20:13]} {[%emt 00:11:31]} Nxh3+ {[%clk
00:36:56]} {[%emt 00:00:21]} 23. Kh1 {[%clk 00:20:04]} {[%emt 00:00:14]} Nf4
{[%clk 00:36:28]} {[%emt 00:00:32]} 24. b3 {[%clk 00:19:28]} {[%emt 00:00:43]}
Nb6 {[%clk 00:36:05]} {[%emt 00:00:27]} 25. Qd2 {[%clk 00:18:06]} {[%emt
00:01:27]} Ne6 {[%clk 00:35:18]} {[%emt 00:00:52]} 26. Qc2 {[%clk 00:17:26]}
{[%emt 00:00:44]} Ng7 {[%clk 00:33:57]} {[%emt 00:01:27]} 27. Ng3 {[%clk
00:15:19]} {[%emt 00:02:12]} h4 {[%clk 00:33:08]} {[%emt 00:00:54]} 28. Nf1
{[%clk 00:14:39]} {[%emt 00:00:44]} Qf4 {[%clk 00:31:41]} {[%emt 00:01:33]} 29.
Nh2 {[%clk 00:13:40]} {[%emt 00:01:04]} Nf5 {[%clk 00:30:07]} {[%emt 00:01:39]}
30. Ng4 {[%clk 00:12:18]} {[%emt 00:01:27]} Kg7 {[%clk 00:29:47]} {[%emt
00:00:25]} 31. Kg1 {[%clk 00:09:45]} {[%emt 00:02:37]} h3 {[%clk 00:29:22]}
{[%emt 00:00:31]} 32. Qd3 {[%clk 00:08:51]} {[%emt 00:00:58]} hxg2 {[%clk
00:28:58]} {[%emt 00:00:30]} 33. Ne5 {[%clk 00:07:05]} {[%emt 00:01:51]} Nh4
{[%clk 00:26:19]} {[%emt 00:02:43]} 34. Bxg2 {[%clk 00:06:11]} {[%emt
00:00:59]} Nxg2 {[%clk 00:25:51]} {[%emt 00:00:34]} 35. Kxg2 {[%clk 00:06:07]}
{[%emt 00:00:09]} Rh8 {[%clk 00:25:32]} {[%emt 00:00:24]} 36. Rh1 {[%clk
00:05:46]} {[%emt 00:00:26]} Qg5+ {[%clk 00:22:01]} {[%emt 00:03:36]} 37. Qg3
{[%clk 00:05:11]} {[%emt 00:00:39]} Qxg3+ {[%clk 00:21:03]} {[%emt 00:01:04]}
38. Kxg3 {[%clk 00:04:36]} {[%emt 00:00:26]} Rxh1 {[%clk 00:20:55]} {[%emt
00:00:27]} 39. Rxh1 {[%clk 00:04:38]} {[%emt 00:00:03]} Re8 {[%clk 00:20:49]}
{[%emt 00:00:12]} 40. Kg4 {[%clk 00:04:17]} {[%emt 00:00:25]} f6 {[%clk
00:20:42]} {[%emt 00:00:12]} 41. Nd3 {[%clk 00:03:59]} {[%emt 00:02:08]} Nd7
{[%clk 00:17:07]} {[%emt 00:02:06]} 42. Nf4 {[%clk 00:03:33]} {[%emt 00:00:30]}
Re4 {[%clk 00:16:25]} {[%emt 00:00:48]} 43. Kg3 {[%clk 00:03:22]} {[%emt
00:00:15]} Nf8 {[%clk 00:15:52]} {[%emt 00:00:39]} 44. a3 {[%clk 00:02:32]}
{[%emt 00:00:54]} Ne6 {[%clk 00:15:41]} {[%emt 00:00:16]} 45. Nd3 {[%clk
00:02:15]} {[%emt 00:00:22]} b6 {[%clk 00:15:19]} {[%emt 00:00:27]} 46. Nb4
{[%clk 00:02:09]} {[%emt 00:00:10]} Nd8 {[%clk 00:15:07]} {[%emt 00:00:18]} 47.
Kf3 {[%clk 00:01:42]} {[%emt 00:00:32]} a5 {[%clk 00:14:50]} {[%emt 00:00:22]}
48. Nd3 {[%clk 00:01:29]} {[%emt 00:00:18]} Ne6 {[%clk 00:14:33]} {[%emt
00:00:23]} 49. b4 {[%clk 00:01:10]} {[%emt 00:00:23]} Ng5+ {[%clk 00:13:43]}
{[%emt 00:00:55]} 50. Kg2 {[%clk 00:00:50]} {[%emt 00:00:24]} a4 {[%clk
00:13:36]} {[%emt 00:00:13]} 51. Rb1 {[%clk 00:00:50]} {[%emt 00:00:05]} b5
{[%clk 00:13:35]} {[%emt 00:00:06]} 52. Nc5 {[%clk 00:00:49]} {[%emt 00:00:07]}
Re2 {[%clk 00:13:25]} {[%emt 00:00:14]} 53. Na6 {[%clk 00:00:43]} {[%emt
00:00:11]} Ne4 {[%clk 00:10:59]} {[%emt 00:02:31]} 54. Nb8 {[%clk 00:00:33]}
{[%emt 00:00:16]} Rxf2+ {[%clk 00:10:58]} {[%emt 00:00:05]} 55. Kg1 {[%clk
00:00:28]} {[%emt 00:00:07]} Ra2 {[%clk 00:10:25]} {[%emt 00:00:41]} 56. Nxc6
{[%clk 00:00:28]} {[%emt 00:00:05]} Rxa3 {[%clk 00:10:24]} {[%emt 00:00:06]}
57. Ne7 {[%clk 00:00:26]} {[%emt 00:00:07]} Nxc3 {[%clk 00:10:19]} {[%emt
00:00:11]} 58. Re1 {[%clk 00:00:29]} Rb3 {[%clk 00:09:59]} {[%emt 00:00:27]}
59. Re3 {[%clk 00:00:27]} {[%emt 00:00:05]} a3 {[%clk 00:09:43]} {[%emt
00:00:22]} 60. Kg2 {[%clk 00:00:17]} {[%emt 00:00:14]} a2 {[%clk 00:09:38]}
{[%emt 00:00:11]} 61. Re1 {[%clk 00:00:21]} Rb1 {[%clk 00:09:34]} {[%emt
00:00:09]} 62. Rxb1 {[%clk 00:00:22]} {[%emt 00:00:04]} axb1=Q {[%clk
00:08:52]} {[%emt 00:00:47]} 63. Kf3 {[%clk 00:00:26]} {[%emt 00:00:01]} Qe1
{[%clk 00:08:46]} {[%emt 00:00:11]} 64. Nc6 {[%clk 00:00:27]} {[%emt 00:00:04]}
Qe4+ {[%clk 00:08:46]} {[%emt 00:00:05]} 65. Kf2 {[%clk 00:00:30]} {[%emt
00:00:02]} Nd1+ {[%clk 00:08:44]} {[%emt 00:00:08]} 66. Kg3 {[%clk 00:00:32]}
{[%emt 00:00:03]} Qe3+ {[%clk 00:08:42]} {[%emt 00:00:07]} 67. Kg2 {[%clk
00:00:27]} {[%emt 00:00:08]} Qf2+ {[%clk 00:08:39]} {[%emt 00:00:08]} 68. Kh3
{[%clk 00:00:16]} {[%emt 00:00:17]} Ne3 {[%clk 00:08:22]} {[%emt 00:00:22]} 69.
Ne5 {[%clk 00:00:12]} {[%emt 00:00:09]} Qg2+ {[%clk 00:08:21]} {[%emt
00:00:05]} 70. Kh4 {[%clk 00:00:16]} {[%emt 00:00:02]} Qh2# {[%emt 00:00:08]}
0-1

[Event "DVM U10 2023"]
[Site "Magdeburg GER"]
[Date "2023.12.28"]
[Round "5"]
[White "Schmidt, Jossip"]
[Black "Horn, Niclas"]
[Result "1-0"]
[Termination "normal"]
[Board "5.2"]
[WhiteElo "1330"]
[BlackElo "1058"]
[WhiteClock "00:13:29"]
[BlackClock "00:30:16"]
[WhiteTeam "Barnimer SF im SV Stahl Finow"]
[BlackTeam "SK Weisse Dame Hamburg"]
[PlyCount "135"]
[WhiteFideId "34621148"]
[BlackFideId "34663428"]
[EventCountry "GER"]
[EventRounds "7"]
[EventType "team-swiss"]
[EventDate "2023.12.27"]

1. d4 {[%clk 00:55:06]} {[%emt 00:00:03]} d5 {[%clk 00:55:05]} {[%emt
00:00:06]} 2. Nf3 {[%clk 00:55:04]} {[%emt 00:00:07]} e6 {[%clk 00:55:04]}
{[%emt 00:00:06]} 3. Bf4 {[%clk 00:54:32]} {[%emt 00:00:38]} Nf6 {[%clk
00:54:54]} {[%emt 00:00:14]} 4. e3 {[%clk 00:53:51]} {[%emt 00:00:46]} a6
{[%clk 00:54:47]} {[%emt 00:00:12]} 5. Bd3 {[%clk 00:53:24]} {[%emt 00:00:32]}
Be7 {[%clk 00:54:44]} {[%emt 00:00:08]} 6. Nbd2 {[%clk 00:52:55]} {[%emt
00:00:34]} O-O {[%clk 00:54:42]} {[%emt 00:00:08]} 7. O-O {[%clk 00:52:27]}
{[%emt 00:00:32]} b6 {[%clk 00:54:41]} {[%emt 00:00:06]} 8. e4 {[%clk
00:51:55]} {[%emt 00:00:37]} Bb7 {[%clk 00:54:04]} {[%emt 00:00:41]} 9. e5
{[%clk 00:51:18]} {[%emt 00:00:43]} Ne8 {[%clk 00:53:34]} {[%emt 00:00:34]} 10.
h3 {[%clk 00:50:49]} {[%emt 00:00:35]} c5 {[%clk 00:53:21]} {[%emt 00:00:18]}
11. c3 {[%clk 00:49:39]} {[%emt 00:01:14]} Nc6 {[%clk 00:52:42]} {[%emt
00:00:44]} 12. Rc1 {[%clk 00:48:27]} {[%emt 00:01:16]} Nc7 {[%clk 00:52:34]}
{[%emt 00:00:14]} 13. Bb1 {[%clk 00:45:47]} {[%emt 00:02:45]} Nb5 {[%clk
00:49:18]} {[%emt 00:01:35]} 14. Qc2 {[%clk 00:45:02]} {[%emt 00:02:37]} g6
{[%clk 00:48:57]} {[%emt 00:00:25]} 15. a4 {[%clk 00:44:40]} {[%emt 00:00:27]}
Nc7 {[%clk 00:48:28]} {[%emt 00:00:34]} 16. Bh6 {[%clk 00:43:18]} {[%emt
00:01:27]} Re8 {[%clk 00:48:25]} {[%emt 00:00:07]} 17. Qd3 {[%clk 00:42:38]}
{[%emt 00:00:45]} b5 {[%clk 00:48:15]} {[%emt 00:00:17]} 18. axb5 {[%clk
00:41:48]} {[%emt 00:00:55]} Nxb5 {[%clk 00:48:12]} {[%emt 00:00:07]} 19. Qe3
{[%clk 00:40:29]} {[%emt 00:01:24]} Qb6 {[%clk 00:47:41]} {[%emt 00:00:36]} 20.
Nb3 {[%clk 00:36:09]} {[%emt 00:04:25]} cxd4 {[%clk 00:46:40]} {[%emt
00:01:06]} 21. cxd4 {[%clk 00:35:46]} {[%emt 00:00:29]} Rac8 {[%clk 00:45:52]}
{[%emt 00:00:52]} 22. Rfd1 {[%clk 00:35:04]} {[%emt 00:00:46]} a5 {[%clk
00:45:25]} {[%emt 00:00:33]} 23. Nc5 {[%clk 00:32:57]} {[%emt 00:02:12]} Bxc5
{[%clk 00:45:04]} {[%emt 00:00:26]} 24. Rxc5 {[%clk 00:32:50]} {[%emt
00:00:12]} Ne7 {[%clk 00:44:20]} {[%emt 00:00:49]} 25. Rxc8 {[%clk 00:31:59]}
{[%emt 00:00:57]} Rxc8 {[%clk 00:44:17]} {[%emt 00:00:07]} 26. Qg5 {[%clk
00:31:53]} {[%emt 00:00:12]} Nf5 {[%clk 00:43:43]} {[%emt 00:00:39]} 27. g4
{[%clk 00:31:13]} {[%emt 00:00:45]} Qd8 {[%clk 00:42:51]} {[%emt 00:00:56]} 28.
gxf5 {[%clk 00:30:36]} {[%emt 00:00:44]} Qxg5+ {[%emt 00:00:29]} 29. Nxg5
{[%clk 00:30:17]} {[%emt 00:00:08]} exf5 {[%clk 00:42:20]} {[%emt 00:00:27]}
30. Kh2 {[%clk 00:29:13]} {[%emt 00:01:09]} Nc7 {[%clk 00:40:21]} {[%emt
00:02:04]} 31. Rc1 {[%clk 00:28:00]} {[%emt 00:01:19]} Ne6 {[%clk 00:40:15]}
{[%emt 00:00:10]} 32. Rxc8+ {[%clk 00:27:26]} {[%emt 00:00:39]} Bxc8 {[%clk
00:40:12]} {[%emt 00:00:08]} 33. Nf3 {[%clk 00:24:51]} {[%emt 00:02:41]} f4
{[%clk 00:39:08]} {[%emt 00:01:08]} 34. Ba2 {[%clk 00:22:49]} {[%emt 00:02:07]}
Bb7 {[%clk 00:39:02]} {[%emt 00:00:12]} 35. Kg1 {[%clk 00:22:00]} {[%emt
00:00:53]} f6 {[%clk 00:36:58]} {[%emt 00:02:10]} 36. exf6 {[%clk 00:20:49]}
{[%emt 00:01:15]} Kf7 {[%clk 00:36:49]} {[%emt 00:00:14]} 37. Ng5+ {[%clk
00:18:59]} {[%emt 00:01:56]} Kxf6 {[%clk 00:35:58]} {[%emt 00:00:55]} 38. Nxe6
{[%clk 00:18:58]} {[%emt 00:00:06]} Kxe6 {[%clk 00:35:46]} {[%emt 00:00:17]}
39. Bxf4 {[%clk 00:18:59]} {[%emt 00:00:04]} Kf5 {[%clk 00:35:39]} {[%emt
00:00:11]} 40. Be3 {[%clk 00:18:07]} {[%emt 00:00:57]} a4 {[%clk 00:35:18]}
{[%emt 00:00:27]} 41. f3 {[%clk 00:17:57]} {[%emt 00:00:14]} Kf6 {[%clk
00:35:08]} {[%emt 00:00:16]} 42. Kf2 {[%clk 00:17:50]} {[%emt 00:00:12]} Kf5
{[%clk 00:34:51]} {[%emt 00:00:22]} 43. Ke1 {[%clk 00:17:37]} {[%emt 00:00:17]}
Ke6 {[%clk 00:34:37]} {[%emt 00:00:19]} 44. Kd2 {[%clk 00:17:33]} {[%emt
00:00:10]} Kd6 {[%clk 00:34:33]} {[%emt 00:00:09]} 45. Bf4+ {[%clk 00:17:02]}
{[%emt 00:00:36]} Kd7 {[%clk 00:34:20]} {[%emt 00:00:19]} 46. Kc3 {[%clk
00:16:54]} {[%emt 00:00:12]} Bc6 {[%clk 00:34:15]} {[%emt 00:00:10]} 47. Kb4
{[%clk 00:16:50]} {[%emt 00:00:09]} Kc8 {[%clk 00:34:07]} {[%emt 00:00:13]} 48.
Kc5 {[%clk 00:16:43]} {[%emt 00:00:13]} Kd7 {[%clk 00:34:00]} {[%emt 00:00:11]}
49. Bd6 {[%clk 00:16:33]} {[%emt 00:00:15]} Bb7 {[%clk 00:33:41]} {[%emt
00:00:25]} 50. Bxd5 {[%clk 00:16:28]} {[%emt 00:00:10]} Bxd5 {[%clk 00:33:33]}
{[%emt 00:00:11]} 51. Kxd5 {[%clk 00:16:31]} {[%emt 00:00:04]} h6 {[%clk
00:32:26]} {[%emt 00:01:12]} 52. f4 {[%clk 00:16:10]} {[%emt 00:00:25]} h5
{[%clk 00:32:14]} {[%emt 00:00:17]} 53. h4 {[%clk 00:15:52]} {[%emt 00:00:23]}
Kc8 {[%clk 00:32:03]} {[%emt 00:00:16]} 54. Ke6 {[%clk 00:15:30]} {[%emt
00:00:27]} Kb7 {[%clk 00:32:00]} {[%emt 00:00:09]} 55. Be5 {[%clk 00:15:22]}
{[%emt 00:00:12]} Kc8 {[%clk 00:31:45]} {[%emt 00:00:20]} 56. Ke7 {[%clk
00:15:16]} {[%emt 00:00:11]} Kb7 {[%clk 00:31:40]} {[%emt 00:00:10]} 57. d5
{[%clk 00:15:09]} {[%emt 00:00:12]} Kb6 {[%clk 00:31:32]} {[%emt 00:00:14]} 58.
d6 {[%clk 00:15:08]} {[%emt 00:00:06]} Kc5 {[%clk 00:31:30]} {[%emt 00:00:07]}
59. d7 {[%clk 00:15:02]} {[%emt 00:00:10]} Kc4 {[%clk 00:31:28]} {[%emt
00:00:07]} 60. d8=Q {[%clk 00:14:58]} {[%emt 00:00:10]} Kc5 {[%clk 00:30:53]}
{[%emt 00:01:30]} 61. Qd6+ {[%clk 00:14:05]} {[%emt 00:01:01]} Kc4 {[%clk
00:30:52]} {[%emt 00:00:08]} 62. Qc6+ {[%clk 00:13:55]} {[%emt 00:00:15]} Kd3
{[%clk 00:30:44]} {[%emt 00:00:12]} 63. Qd5+ {[%clk 00:13:52]} {[%emt
00:00:08]} Ke3 {[%clk 00:30:37]} {[%emt 00:00:12]} 64. Qd4+ {[%clk 00:13:49]}
{[%emt 00:00:07]} Kf3 {[%clk 00:30:28]} {[%emt 00:00:15]} 65. Kf6 {[%clk
00:13:46]} {[%emt 00:00:08]} Kg4 {[%clk 00:30:22]} {[%emt 00:00:11]} 66. Qf2
{[%clk 00:13:34]} {[%emt 00:00:16]} Kh3 {[%clk 00:30:19]} {[%emt 00:00:08]} 67.
f5 {[%clk 00:13:28]} {[%emt 00:00:11]} gxf5 {[%clk 00:30:16]} {[%emt 00:00:08]}
68. Qg3# {[%clk 00:13:29]} {[%emt 00:00:05]} 1-0

[Event "DVM U10 2023"]
[Site "Magdeburg GER"]
[Date "2023.12.28"]
[Round "5"]
[White "Theelke, Luiz"]
[Black "Rauhut, Max"]
[Result "0-1"]
[Termination "normal"]
[Board "5.3"]
[WhiteElo "1054"]
[BlackElo "1173"]
[WhiteClock "00:17:06"]
[BlackClock "00:04:29"]
[WhiteTeam "SK Weisse Dame Hamburg"]
[BlackTeam "Barnimer SF im SV Stahl Finow"]
[PlyCount "150"]
[BlackFideId "16292545"]
[EventCountry "GER"]
[EventRounds "7"]
[EventType "team-swiss"]
[EventDate "2023.12.27"]

1. e4 {[%clk 00:55:09]} {[%emt 02:01:42]} c5 {[%clk 00:55:05]} {[%emt
00:00:06]} 2. c3 {[%clk 00:55:10]} {[%emt 00:00:04]} e6 {[%clk 00:55:00]}
{[%emt 00:00:10]} 3. d4 {[%clk 00:55:06]} {[%emt 00:00:09]} cxd4 {[%clk
00:54:56]} {[%emt 00:00:10]} 4. cxd4 {[%clk 00:55:06]} {[%emt 00:00:05]} d6
{[%clk 00:54:08]} {[%emt 00:00:52]} 5. Nf3 {[%clk 00:54:54]} {[%emt 00:00:18]}
Nf6 {[%clk 00:54:03]} {[%emt 00:00:09]} 6. Nc3 {[%clk 00:54:21]} {[%emt
00:00:38]} Be7 {[%clk 00:53:50]} {[%emt 00:00:18]} 7. Bc4 {[%clk 00:53:50]}
{[%emt 00:00:35]} a6 {[%clk 00:53:26]} {[%emt 00:00:30]} 8. e5 {[%clk
00:53:41]} {[%emt 00:00:14]} dxe5 {[%clk 00:51:59]} {[%emt 00:01:33]} 9. dxe5
{[%clk 00:53:36]} {[%emt 00:00:10]} Qxd1+ {[%clk 00:51:55]} {[%emt 00:00:08]}
10. Kxd1 {[%clk 00:53:29]} {[%emt 00:00:12]} Nfd7 {[%clk 00:47:21]} {[%emt
00:04:39]} 11. Be3 {[%clk 00:53:14]} {[%emt 00:00:19]} Nc6 {[%clk 00:45:21]}
{[%emt 00:02:07]} 12. Bf4 {[%clk 00:52:17]} {[%emt 00:01:01]} h6 {[%clk
00:39:53]} {[%emt 00:05:33]} 13. h3 {[%clk 00:51:47]} {[%emt 00:00:35]} b5
{[%clk 00:39:09]} {[%emt 00:00:50]} 14. Bd3 {[%clk 00:51:21]} {[%emt 00:00:30]}
Bb7 {[%clk 00:38:00]} {[%emt 00:01:15]} 15. Be4 {[%clk 00:50:28]} {[%emt
00:00:57]} Rb8 {[%clk 00:36:23]} {[%emt 00:01:42]} 16. Rc1 {[%clk 00:50:09]}
{[%emt 00:00:24]} Nb4 {[%emt 00:01:35]} 17. Bxb7 {[%emt 00:00:32]} Rxb7 {[%clk
00:34:00]} {[%emt 00:00:22]} 18. Ne4 {[%clk 00:49:26]} {[%emt 00:00:46]} O-O
{[%clk 00:32:03]} {[%emt 00:02:03]} 19. Ke2 {[%clk 00:47:36]} {[%emt 00:01:55]}
Nxa2 {[%clk 00:31:29]} {[%emt 00:00:39]} 20. Rc6 {[%clk 00:47:01]} {[%emt
00:00:41]} Nb4 {[%clk 00:31:02]} {[%emt 00:00:31]} 21. Rcc1 {[%clk 00:46:34]}
{[%emt 00:00:32]} Rbb8 {[%clk 00:29:25]} {[%emt 00:01:43]} 22. Rc7 {[%clk
00:45:47]} {[%emt 00:00:51]} Rfd8 {[%clk 00:28:12]} {[%emt 00:01:18]} 23. Rcc1
{[%clk 00:40:12]} {[%emt 00:05:39]} Rbc8 {[%clk 00:27:30]} {[%emt 00:00:48]}
24. Rhd1 {[%clk 00:38:37]} {[%emt 00:01:39]} Nb6 {[%clk 00:26:00]} {[%emt
00:01:36]} 25. Bd2 {[%clk 00:36:54]} {[%emt 00:01:46]} Rxc1 {[%clk 00:24:36]}
{[%emt 00:01:32]} 26. Rxc1 {[%clk 00:36:07]} {[%emt 00:00:51]} Nc4 {[%clk
00:22:28]} {[%emt 00:02:14]} 27. Bxb4 {[%clk 00:35:31]} {[%emt 00:00:41]} Bxb4
{[%clk 00:21:18]} {[%emt 00:01:15]} 28. b3 {[%clk 00:34:24]} {[%emt 00:01:12]}
Na5 {[%clk 00:20:24]} {[%emt 00:00:58]} 29. Rc7 {[%clk 00:32:30]} {[%emt
00:01:58]} Nxb3 {[%clk 00:19:50]} {[%emt 00:00:40]} 30. Ra7 {[%clk 00:32:23]}
{[%emt 00:00:12]} Nc1+ {[%clk 00:18:19]} {[%emt 00:01:36]} 31. Ke3 {[%clk
00:31:47]} {[%emt 00:00:41]} g5 {[%clk 00:16:14]} {[%emt 00:02:10]} 32. Nf6+
{[%clk 00:29:17]} {[%emt 00:02:34]} Kg7 {[%clk 00:14:25]} {[%emt 00:01:55]} 33.
Nd4 {[%clk 00:27:55]} {[%emt 00:01:26]} Bc5 {[%clk 00:12:15]} {[%emt 00:02:16]}
34. Rd7 {[%clk 00:27:41]} {[%emt 00:00:19]} Bxd4+ {[%clk 00:11:42]} {[%emt
00:00:38]} 35. Rxd4 {[%clk 00:27:34]} {[%emt 00:00:12]} Rxd4 {[%clk 00:11:37]}
{[%emt 00:00:10]} 36. Kxd4 {[%clk 00:27:31]} {[%emt 00:00:07]} Ne2+ {[%clk
00:10:51]} {[%emt 00:00:51]} 37. Ke3 {[%clk 00:26:20]} {[%emt 00:01:17]} Nf4
{[%clk 00:10:43]} {[%emt 00:00:12]} 38. g3 {[%clk 00:25:22]} {[%emt 00:01:03]}
Nxh3 {[%clk 00:10:36]} {[%emt 00:00:13]} 39. f3 {[%clk 00:25:21]} {[%emt
00:00:06]} b4 {[%clk 00:10:19]} {[%emt 00:00:24]} 40. Ne4 {[%clk 00:24:24]}
{[%emt 00:01:02]} b3 {[%clk 00:09:13]} {[%emt 00:01:10]} 41. Nc3 {[%clk
00:23:45]} {[%emt 00:00:44]} Kg6 {[%clk 00:09:11]} {[%emt 00:00:07]} 42. Ke2
{[%clk 00:22:49]} {[%emt 00:01:01]} f5 {[%clk 00:09:02]} {[%emt 00:00:14]} 43.
exf6 {[%emt 00:00:10]} Kxf6 {[%emt 00:00:05]} 44. Kf1 {[%clk 00:22:18]} {[%emt
00:00:21]} Kf5 {[%clk 00:08:13]} {[%emt 00:00:54]} 45. Kg2 {[%clk 00:21:56]}
{[%emt 00:00:27]} g4 {[%clk 00:08:11]} {[%emt 00:00:07]} 46. f4 {[%clk
00:21:33]} {[%emt 00:00:28]} e5 {[%clk 00:08:00]} {[%emt 00:00:17]} 47. fxe5
{[%clk 00:21:00]} {[%emt 00:00:37]} Kxe5 {[%clk 00:07:55]} {[%emt 00:00:10]}
48. Kf1 {[%clk 00:20:48]} {[%emt 00:00:17]} a5 {[%clk 00:07:46]} {[%emt
00:00:14]} 49. Ke2 {[%clk 00:20:37]} {[%emt 00:00:16]} b2 {[%clk 00:07:35]}
{[%emt 00:00:16]} 50. Nb1 {[%clk 00:20:31]} {[%emt 00:00:11]} a4 {[%clk
00:07:33]} {[%emt 00:00:07]} 51. Kd3 {[%clk 00:20:07]} {[%emt 00:00:29]} Ng5
{[%clk 00:07:12]} {[%emt 00:00:25]} 52. Ke3 {[%clk 00:19:55]} {[%emt 00:00:19]}
Kd5 {[%clk 00:07:01]} {[%emt 00:00:16]} 53. Kd3 {[%clk 00:19:38]} {[%emt
00:00:22]} Kc5 {[%clk 00:06:45]} {[%emt 00:00:21]} 54. Nd2 {[%clk 00:19:10]}
{[%emt 00:00:33]} Kb4 {[%clk 00:06:27]} {[%emt 00:00:21]} 55. Kc2 {[%clk
00:19:03]} {[%emt 00:00:14]} a3 {[%clk 00:06:04]} {[%emt 00:00:28]} 56. Kb1
{[%clk 00:18:10]} {[%emt 00:00:58]} Kc3 {[%clk 00:05:50]} {[%emt 00:00:14]} 57.
Nb3 {[%clk 00:18:01]} {[%emt 00:00:20]} a2+ {[%clk 00:05:23]} {[%emt 00:00:32]}
58. Kxa2 {[%clk 00:17:54]} {[%emt 00:00:11]} Kc2 {[%clk 00:04:58]} {[%emt
00:00:29]} 59. Nd2 {[%clk 00:17:56]} {[%emt 00:00:04]} Kxd2 {[%clk 00:04:58]}
{[%emt 00:00:06]} 60. Kxb2 {[%clk 00:17:53]} {[%emt 00:00:06]} Ke3 {[%clk
00:04:53]} {[%emt 00:00:11]} 61. Kc1 {[%clk 00:17:46]} {[%emt 00:00:13]} Kf2
{[%clk 00:04:50]} {[%emt 00:00:07]} 62. Kd1 {[%clk 00:17:46]} {[%emt 00:00:05]}
Kxg3 {[%clk 00:04:49]} {[%emt 00:00:06]} 63. Ke1 {[%clk 00:17:47]} {[%emt
00:00:04]} Kg2 {[%clk 00:04:43]} {[%emt 00:00:11]} 64. Ke2 {[%clk 00:17:47]}
{[%emt 00:00:05]} h5 {[%clk 00:04:39]} {[%emt 00:00:09]} 65. Ke3 {[%clk
00:17:48]} {[%emt 00:00:04]} h4 {[%clk 00:04:43]} {[%emt 00:00:02]} 66. Kf4
{[%clk 00:17:45]} {[%emt 00:00:07]} h3 {[%clk 00:04:46]} {[%emt 00:00:02]} 67.
Kf5 {[%clk 00:17:37]} {[%emt 00:00:13]} h2 {[%clk 00:04:48]} {[%emt 00:00:02]}
68. Kg6 {[%clk 00:17:37]} {[%emt 00:00:06]} h1=Q {[%clk 00:04:47]} {[%emt
00:00:06]} 69. Kf6 {[%clk 00:17:34]} {[%emt 00:00:08]} Qf1+ {[%clk 00:04:50]}
{[%emt 00:00:04]} 70. Kg6 {[%clk 00:17:30]} {[%emt 00:00:08]} Qf7+ {[%clk
00:04:45]} {[%emt 00:00:06]} 71. Kh6 {[%clk 00:17:28]} {[%emt 00:00:11]} Qa2
{[%clk 00:04:35]} {[%emt 00:00:12]} 72. Kg7 {[%clk 00:17:17]} {[%emt 00:00:19]}
Kf3 {[%clk 00:04:34]} {[%emt 00:00:04]} 73. Kh8 {[%clk 00:17:08]} {[%emt
00:00:16]} Kf4 {[%clk 00:04:26]} {[%emt 00:00:13]} 74. Kg7 {[%clk 00:17:06]}
{[%emt 00:00:07]} Qf7+ {[%clk 00:04:25]} {[%emt 00:00:05]} 75. Kh8 {[%clk
00:17:06]} {[%emt 00:00:06]} Qh7# {[%clk 00:04:29]} {[%emt 00:00:01]} 0-1